| 000 | 00463nam a2200181Ia 4500 | ||
|---|---|---|---|
| 001 | 10738 | ||
| 005 | 20260306161854.0 | ||
| 008 | 260306t1954||||xx |||||||||||||| ||spa|| | ||
| 041 | _aESP | ||
| 082 |
_a946.53 _bB169 |
||
| 100 |
_aBowers, Claude G. _eAUT |
||
| 245 | 0 |
_aMy mission to Spain: _bwatching the rehearsal for world war II |
|
| 260 | _c1954 | ||
| 300 |
_axvi, 437 páginas : _c24 cm. |
||
| 650 | _aGEN | ||
| 654 | _aCHU | ||
| 942 |
_cLIB _dJUS _fJUS _2ddc _n |
||
| 999 |
_c10738 _d10738 |
||